000 00727nam a2200217Ia 4500
003 GCL
008 140319s9999 xx 000 0 ara d
040 _aGCL /
_cGCL
082 0 4 _aم
_b41302
_bر م
100 1 _aروحى البعلبكى
245 1 0 _aالمورد مزدوج عربى - انكليزى . انكليزى - عربى /
_cروحى البعلبكى
700 1 _aمنير البعلبكى
250 _aالرابعة
260 _aبيروت :
_bدار العلم للملايين ،
_c1999
300 _a1000 ص ؛
_c24 سم
490 _a
650 0 4 _aالقواميس
650 0 4 _aاللغة الانجليزية - معاجم
650 0 4 _aاللغة العربية - معاجم
942 _2ddc
_cBK
999 _c52069
_d52069